Reflexe ke komparativní ekonomii jako samostatné ekonomicko-vědní disciplíně

Teoretický úvod do problematiky medzinárodného porovnávania. Komparatívna ekonómia - historický vývoj. Ekonomický systém a komparatívna ekonómia. Komparácia ekonomických systémov - náčrt problémových oblastí.

Saved in:
Bibliographic Details
Main Author: Tuleja, Pavel
Format: Book Chapter
Language:Czech
Subjects:
Tags: Add Tag
No Tags, Be the first to tag this record!

MARC

LEADER 00000naa a2200000 4500
001 r044890
005 20231004075516.9
041 0 |a cze 
044 |a CZ 
245 1 0 |a Reflexe ke komparativní ekonomii jako samostatné ekonomicko-vědní disciplíně  |c Pavel Tuleja 
520 |a Teoretický úvod do problematiky medzinárodného porovnávania. Komparatívna ekonómia - historický vývoj. Ekonomický systém a komparatívna ekonómia. Komparácia ekonomických systémov - náčrt problémových oblastí. 
610 2 0 |a teórie ekonomické 
610 2 0 |a hospodárstvo svetové 
610 2 0 |a systémy ekonomické 
610 2 0 |a porovnanie medzinárodné 
610 2 0 |a vývoj hospodársky 
100 1 |a Tuleja, Pavel